| 000 | 01491nam a2200361 i 4500 | ||
|---|---|---|---|
| 003 | EG-ScBUE | ||
| 005 | 20240102135745.0 | ||
| 008 | 170517s2007 su b f 000 00 ara d | ||
| 017 | _a1428 / 1461 | ||
| 020 | _a9960542211 | ||
| 040 |
_aEG-ScBUE _bara _erda _cEG-ScBUE _dEG-ScBUE |
||
| 041 | 1 |
_aara _heng |
|
| 043 |
_aa-is--- _aaw----- |
||
| 082 | 0 | 4 |
_a956.04 _bك ا ر _222 |
| 100 | 1 |
_aكارتر، جيمي، _d1924- _eمؤلف. |
|
| 240 | 1 | 0 |
_aPalestine peace not apartheid. _lArabic. |
| 245 | 1 | 2 |
_aفلسطين : _bالسلام لا التمييز العنصري / _cتأليف جيمي كارتر ؛ نقلة إلى العربية محمد محمود التوبة. |
| 250 | _aالطبعة العربية الأولى. | ||
| 264 | 1 |
_aالرياض : _bالعبيكان للنشر، _c2007. |
|
| 300 |
_a214 صفحة : _bخرائط ؛ _c24 سم |
||
| 336 |
_2rdacontent _aنص _btxt |
||
| 337 |
_aبدون وسيط _2rdamedia _bn |
||
| 338 |
_aمجلد _bnc _2rdacarrier |
||
| 500 | _aيشتمل على ملاحق. | ||
| 546 | _aالنص باللغة العربية ؛ مترجم من اللغة الإنجليزية. | ||
| 650 | 7 |
_2BUEsh _aالسلام العالمي. _916325 |
|
| 650 | 7 |
_2BUEsh _aالنزاع العربي الإسرائيلي. _913399 |
|
| 651 | 7 |
_2BUEsh _aفلسطين _xتاريخ _yالاحتلال الإسرائيلي، 1948- |
|
| 653 |
_bGGEN _cMay2017 |
||
| 655 | _vReading book | ||
| 700 | 1 |
_aتوبة، محمد محمود، _eمترجم. |
|
| 942 | _2ddc | ||
| 999 |
_c24867 _d24839 |
||